00641 a2200193 4500003000500000005001700005010001600022020003300038040000900071082001600080100002000096245006800116250001200184260005000196300002900246505010900275650003500384700002800419Nust20221208130636.0 a 93026197 a0792393910 (acid-free paper) cNust00a621.382,LEE1 aLee, Edward A.,10aDigital communication /cEdward A. Lee, David G. Messerschmitt. a2nd ed. aBoston :bKluwer Academic Publishers,cc1994. a893 p. :bill. ;c25 cm. aThe Basics (Page-1), Modulation and Detection (Page-178), Coding (Page-555), Multiple Access (Page-765), 0aTelecommunication Engineering.1 aMesserschmitt, David G.